000 00563nam a2200181 4500
001 144928
003 ES-MaACL
005 20230906201129.0
007 t|
008 070214s1964 sp r ||||1| spa d
100 1 _aSimon, Georg.
_9106508
245 1 0 _aDiagnóstico radiológico de las enfermedades del tórax /
_cGeorg Simon ; traducción de J. M. Padilla Manzuco.
250 _a1ª. ed.
260 _aMadrid :
_bAlhambra,
_c1964.
300 _a194 p. :
_bil. ;
_c27 cm.
700 1 _aPadilla Manzuco, J. M.
_988192
852 _aES-MaACL
_jC-26591
_bR.55336
999 _c144928
_d144928